Nationalism in India / (Record no. 51370)

MARC details
000 -LEADER
fixed length control field 00875nam a22002417a 4500
005 - DATE AND TIME OF LATEST TRANSACTION
control field 20110401142023.0
008 - FIXED-LENGTH DATA ELEMENTS--GENERAL INFORMATION
fixed length control field 110401t xxu||||| |||| 00| 0 eng d
010 ## - LCCN (DPL NO)
LC control number ENG-102215
020 ## - INTERNATIONAL STANDARD BOOK NUMBER
International Standard Book Number 9788184503517
Terms of availability 900.00
035 ## - SYSTEM CONTROL NUMBER
System control number EN-85748
037 ## - SOURCE OF ACQUISITION
Source of stock number/acquisition DBAD/PUB
040 ## - CATALOGING SOURCE
Original cataloging agency dpl
Language of cataloging Eng
082 ## - DEWEY DECIMAL CLASSIFICATION NUMBER
Classification number 320.954
100 ## - MAIN ENTRY--PERSONAL NAME
9 (RLIN) 26835
Personal name Sanjeev Kumar
245 ## - TITLE STATEMENT
Title Nationalism in India /
Statement of responsibility, etc by Sanjeev Kumar ; foreworded by Wilheim Zoltan
260 ## - PUBLICATION, DISTRIBUTION, ETC. (IMPRINT)
Place of publication, distribution, etc New Delhi
Name of publisher, distributor, etc Deep and Deep Publications
Date of publication, distribution, etc 2011
270 ## - ADDRESS
Address F-159, Rajouri Garden
City New Delhi
Postal code 110027
300 ## - PHYSICAL DESCRIPTION
Extent xix,278p.
Dimensions 22cm (Hb)
500 ## - GENERAL NOTE
General note Includes bibliographical references and index
700 ## - ADDED ENTRY--PERSONAL NAME
9 (RLIN) 26836
942 ## - ADDED ENTRY ELEMENTS (KOHA)
Source of classification or shelving scheme Dewey Decimal Classification
Item type English Books
Classification part 320.954
Call number suffix SAN
Holdings
Withdrawn status Lost status Source of classification or shelving scheme Damaged status Not for loan Collection code Home library Current library Date acquired Source of acquisition Cost, normal purchase price Total Checkouts Full call number Barcode Date last seen Copy number Cost, replacement price Koha item type
    Dewey Decimal Classification   Not For Loan Non-fiction D.B.Act.Division D.B.Act.Division 01/04/2011 DBAD/PUB 900.00   320.954 SAN EN-85748 01/04/2011 1 900.00 English Books

© Delhi Public Library
Hit Counter
free hit counter